[Event "Veranda inv."]
[Site "Fancy Lake CAN"]
[Date "2010.08.01"]
[Round "5"]
[White "Wysocki, Antoni"]
[Black "Naugler, Rex"]
[Result "1-0"]
[WhiteElo "2177"]
[BlackElo "1842"]
[PlyCount "61"]
[EventDate "2010.07.31"]
[EventType "tourn"]
[EventRounds "5"]
[EventCountry "CAN"]

1. Nf3 Nc6 2. d4 d5 3. c4 Bg4 4. Nc3 e6 5. cxd5 Bxf3 6. gxf3 exd5 7. e4 Bb4 8.
Be3 Nge7 9. Rg1 O-O 10. a3 Bxc3+ 11. bxc3 Qd6 12. Rg3 f5 13. e5 Qe6 14. f4 Na5
15. Qh5 g6 16. Qg5 Rf7 17. h4 Raf8 18. h5 Rg7 19. Rb1 b6 20. Bd3 Nc4 21. Ke2
Kf7 22. Rh1 Ke8 23. Bc1 Rfg8 24. Qf6 Kd7 25. Rhg1 Rf7 26. Qh4 Rfg7 27. a4 Nc6
28. Qf6 Rf7 29. Qxe6+ Kxe6 30. hxg6 hxg6 31. Rxg6+ 1-0

[Event "Winter op"]
[Site "Kitchener CAN"]
[Date "2010.02.20"]
[Round "3"]
[White "Jung, Hans"]
[Black "Drkulec, Vladimir"]
[Result "0-1"]
[WhiteElo "2246"]
[BlackElo "2087"]
[PlyCount "72"]
[EventDate "2010.02.19"]
[EventType "swiss"]
[EventRounds "5"]
[EventCountry "CAN"]

1. Nc3 g6 2. e4 Bg7 3. h4 h6 4. h5 g5 5. d4 c5 6. d5 d6 7. f4 Qa5 8. fxg5 hxg5
9. Bxg5 Bxc3+ 10. bxc3 Qxc3+ 11. Kf2 Nf6 12. Bb5+ Bd7 13. Bxd7+ Nbxd7 14. Rh4
Qe5 15. Nf3 Nxe4+ 16. Kg1 Qf5 17. Qd3 Ne5 18. Nxe5 Qf2+ 19. Kh1 Nxg5 20. Qb5+
Kf8 21. Ng6+ Kg7 22. Rf1 Qg3 23. Qb2+ Kh7 24. Rh2 Rhg8 25. Nxe7 Rge8 26. Qxb7
Qe5 27. Nf5 Qxf5 28. Kg1 Qe5 29. Rxf7+ Nxf7 30. Qxf7+ Kh8 31. Rh3 Rf8 32. Qg6
Rae8 33. Qh6+ Kg8 34. Qg6+ Qg7 35. Qxd6 Re1+ 36. Kh2 Rff1 0-1

[Event "Winter op"]
[Site "Kitchener CAN"]
[Date "2010.02.21"]
[Round "5"]
[White "Ferreira, Alex"]
[Black "Jung, Hans"]
[Result "1/2-1/2"]
[WhiteElo "2024"]
[BlackElo "2246"]
[PlyCount "77"]
[EventDate "2010.02.19"]
[EventType "swiss"]
[EventRounds "5"]
[EventCountry "CAN"]

1. e4 c5 2. Nf3 e6 3. d4 cxd4 4. Nxd4 a6 5. c4 Bb4+ 6. Bd2 Bxd2+ 7. Qxd2 Nf6 8.
Nc3 O-O 9. Bd3 Nc6 10. Nxc6 dxc6 11. e5 Nd7 12. O-O-O Qa5 13. f4 Nc5 14. Bb1 b5
15. Ne4 Qxd2+ 16. Rxd2 Nd7 17. Nd6 Nb6 18. Be4 Bd7 19. b3 Ra7 20. Rhd1 a5 21.
Bf3 f5 22. exf6 Rxf6 23. g3 a4 24. Kb1 axb3 25. axb3 e5 26. c5 Nd5 27. Bxd5+
cxd5 28. fxe5 Rf3 29. Kb2 Bc6 30. Re1 b4 31. e6 Ra3 32. e7 Rfxb3+ 33. Kc2 Re3
34. Rxe3 Rxe3 35. e8=Q+ Bxe8 36. Nxe8 Rxe8 37. Rxd5 Re3 38. Kd2 Rc3 39. Rd4
1/2-1/2

[Event "Winter op"]
[Site "Kitchener CAN"]
[Date "2010.02.21"]
[Round "5"]
[White "Humphreys, Michael"]
[Black "Henry, Liam"]
[Result "1/2-1/2"]
[WhiteElo "2153"]
[BlackElo "2276"]
[PlyCount "37"]
[EventDate "2010.02.19"]
[EventType "swiss"]
[EventRounds "5"]
[EventCountry "CAN"]

1. c4 Nf6 2. Nc3 d5 3. cxd5 Nxd5 4. g3 g6 5. Bg2 Nb6 6. Nf3 Bg7 7. O-O Nc6 8.
d3 O-O 9. Be3 e5 10. a4 a5 11. Nd2 Nd4 12. Re1 c6 13. Nce4 Be6 14. Nc5 Bd5 15.
Bxd4 Bxg2 16. Kxg2 Qxd4 17. Nce4 Kh8 18. Qb3 f5 19. Ng5 1/2-1/2

[Event "Winter op"]
[Site "Kitchener CAN"]
[Date "2010.02.21"]
[Round "5"]
[White "Raats, Daniel"]
[Black "Egorov, Mikhail"]
[Result "0-1"]
[WhiteElo "2074"]
[BlackElo "2156"]
[PlyCount "60"]
[EventDate "2010.02.19"]
[EventType "swiss"]
[EventRounds "5"]
[EventCountry "CAN"]

1. d4 Nf6 2. c4 e5 3. dxe5 Ng4 4. Nf3 Bc5 5. e3 Nc6 6. Be2 O-O 7. O-O Ngxe5 8.
a3 a5 9. b3 Nxf3+ 10. Bxf3 Ne5 11. Be2 Ra6 12. Qc2 Rg6 13. Nc3 d6 14. g3 Bh3
15. Rd1 Bg4 16. Bxg4 Nxg4 17. Ne4 Qe7 18. h3 Ne5 19. Bb2 Nf3+ 20. Kg2 Nh4+ 21.
Kf1 f5 22. Nd2 Bxe3 23. gxh4 Qxh4 24. fxe3 f4 25. Qxg6 fxe3+ 26. Ke2 Qf2+ 27.
Kd3 hxg6 28. Bd4 Qf5+ 29. Kc3 exd2 30. Rxd2 c5 0-1

[Event "Winter op"]
[Site "Kitchener CAN"]
[Date "2010.02.21"]
[Round "5"]
[White "Sibbald, Peter"]
[Black "Bzikot, Robert"]
[Result "0-1"]
[WhiteElo "2036"]
[BlackElo "1928"]
[PlyCount "28"]
[EventDate "2010.02.19"]
[EventType "swiss"]
[EventRounds "5"]
[EventCountry "CAN"]

1. d4 f5 2. c4 Nf6 3. Nc3 g6 4. Nf3 Bg7 5. Qd3 d6 6. e4 fxe4 7. Nxe4 Nxe4 8.
Qxe4 Nc6 9. Bd2 Bf5 10. Qe3 O-O 11. h3 e5 12. dxe5 Nxe5 13. Nxe5 Bxe5 14. Bd3
Re8 0-1

[Event "Winter op"]
[Site "Kitchener CAN"]
[Date "2010.02.21"]
[Round "5"]
[White "Zybura, Andre"]
[Black "Becker, Paul"]
[Result "0-1"]
[WhiteElo "2035"]
[BlackElo "2026"]
[PlyCount "72"]
[EventDate "2010.02.19"]
[EventType "swiss"]
[EventRounds "5"]
[EventCountry "CAN"]

1. e4 c5 2. Nc3 Nc6 3. f4 d6 4. Nf3 Bg4 5. Bb5 e6 6. Bxc6+ bxc6 7. h3 Bxf3 8.
Qxf3 Qc7 9. O-O d5 10. d3 Nf6 11. b3 Be7 12. Ba3 O-O 13. Na4 Nd7 14. f5 Bf6 15.
Rae1 Rfe8 16. Kh1 Qa5 17. Bc1 Nb6 18. Nxb6 axb6 19. e5 exf5 20. Qxf5 Qc3 21.
Bf4 Re6 22. Re3 g6 23. Rg3 Bg7 24. Bd2 gxf5 25. Bxc3 d4 26. Bd2 Kf8 27. Rxf5
Rxe5 28. Rxe5 Bxe5 29. Bh6+ Ke7 30. Rf3 Rxa2 31. Rf1 Rxc2 32. Re1 f6 33. g4
Rh2+ 34. Kg1 Rxh3 35. g5 Ke6 36. Bg7 Rg3+ 0-1

[Event "Winter op U1400"]
[Site "Kitchener CAN"]
[Date "2010.02.21"]
[Round "5"]
[White "Michno, Jaden"]
[Black "Preda, Andrei"]
[Result "0-1"]
[WhiteElo "1028"]
[BlackElo "1254"]
[PlyCount "85"]
[EventDate "2010.02.19"]
[EventType "swiss"]
[EventRounds "5"]
[EventCountry "CAN"]

1. d4 d5 2. Nf3 Nc6 3. Bf4 Nf6 4. Nc3 a6 5. e3 Bf5 6. Bd3 e6 7. Ne5 Nxe5 8.
Bxe5 c6 9. Bxf6 Qxf6 10. Bxf5 Qxf5 11. Qe2 Bd6 12. O-O-O O-O 13. e4 Qg5+ 14.
Kb1 Qxg2 15. Rhg1 Qh3 16. e5 Be7 17. Rg3 Qh6 18. Rdg1 g6 19. Nd1 Qxh2 20. Ne3
Qh6 21. Ng4 Qf4 22. Rf3 Qxd4 23. Qf1 h5 24. Nf6+ Bxf6 25. exf6 Qd2 26. Qg2 Qh6
27. Qh2 Rfe8 28. Qc7 Rab8 29. Rh1 Qg5 30. a3 Qg2 31. Rfh3 Qxf2 32. R1h2 Qxf6
33. Qg3 Qf1+ 34. Ka2 Qc4+ 35. b3 Qg4 36. Qe5 f6 37. Qe3 Kf7 38. Qh6 Rh8 39. Qe3
Qe4 40. Qb6 f5 41. Re3 Qf4 42. Rhe2 Rbe8 43. Qxb7+ 0-1

[Event "Winter op U2000"]
[Site "Kitchener CAN"]
[Date "2010.02.20"]
[Round "3"]
[White "Hassain, Mahmud"]
[Black "Xu, Haizhou"]
[Result "0-1"]
[WhiteElo "1982"]
[BlackElo "1892"]
[PlyCount "85"]
[EventDate "2010.02.19"]
[EventType "swiss"]
[EventRounds "5"]
[EventCountry "CAN"]

1. d4 Nf6 2. c4 g6 3. Nc3 Bg7 4. Nf3 O-O 5. e4 d6 6. Be2 e5 7. Bg5 Nbd7 8. h4
h6 9. dxe5 dxe5 10. Bd2 Nc5 11. Qc2 Nfxe4 12. Nxe4 Bf5 13. O-O-O Bxe4 14. Qc3
Nd3+ 15. Bxd3 Qxd3 16. Qxd3 Bxd3 17. Bc3 Bxc4 18. Rhe1 Be2 19. Rd2 Bxf3 20.
gxf3 Rac8 21. h5 g5 22. Rd7 Rfd8 23. Red1 Rxd7 24. Rxd7 Kf8 25. Bb4+ Kg8 26.
Be7 Bf8 27. Bf6 Bd6 28. Be7 Bxe7 29. Rxe7 Kf8 30. Rxe5 Re8 31. Rc5 c6 32. Kd2
Rd8+ 33. Ke3 Ke7 34. f4 gxf4+ 35. Kxf4 Rd2 36. Ra5 a6 37. f3 Rd4+ 38. Ke3 Rd5
39. Rxd5 cxd5 40. b4 b6 41. Kd3 Ke6 42. Kd4 a5 43. a4 0-1

[Event "Winter op U2000"]
[Site "Kitchener CAN"]
[Date "2010.02.21"]
[Round "4"]
[White "Liu, Steven"]
[Black "Deline, Ralph"]
[Result "1/2-1/2"]
[WhiteElo "1923"]
[BlackElo "1896"]
[PlyCount "155"]
[EventDate "2010.02.19"]
[EventType "swiss"]
[EventRounds "5"]
[EventCountry "CAN"]

1. Nf3 Nf6 2. c4 c5 3. Nc3 g6 4. g3 Bg7 5. Bg2 O-O 6. O-O Nc6 7. e3 Rb8 8. d4
cxd4 9. Nxd4 a6 10. Qe2 Qc7 11. Nxc6 bxc6 12. b3 Rd8 13. Rb1 d5 14. cxd5 cxd5
15. Bb2 e5 16. Rbc1 Qa5 17. Rfd1 e4 18. h3 Be6 19. Na4 Rbc8 20. Bf1 Rd6 21.
Rxc8+ Bxc8 22. Rc1 Bd7 23. Nc5 Bb5 24. Qc2 Rc6 25. Bxb5 Qxb5 26. Bd4 Nd7 27. a3
Ne5 28. Bxe5 Bxe5 29. b4 Bd6 30. Qb3 Rxc5 31. Rxc5 Bxc5 32. Qxd5 Bf8 33. Qxe4
a5 34. bxa5 Qxa5 35. a4 Bb4 36. Qc6 Be1 37. Kg2 Qf5 38. Qf3 Qc2 39. Qf4 Qc6+
40. Kf1 Bc3 41. h4 h5 42. Ke2 Kg7 43. Kd1 Qd5+ 44. Ke2 Qa5 45. Qc4 Bf6 46. Kf1
Qc3 47. Qb5 Qe5 48. Qc4 g5 49. hxg5 Qxg5 50. Qb4 Qd5 51. Ke2 Be5 52. a5 Bf6 53.
Qa4 Bd8 54. a6 Bb6 55. a7 Qa8 56. Qa1+ f6 57. Qa2 Qxa7 58. Qd5 Qa5 59. Qd7+ Kh6
60. Qf7 Qb5+ 61. Kf3 Qf5+ 62. Kg2 Bc5 63. Qc4 Qe5 64. Kg1 f5 65. Qf7 Bd6 66.
Qc4 Be7 67. Kg2 Qe4+ 68. Qxe4 fxe4 69. f3 exf3+ 70. Kxf3 Kg5 71. e4 Bd6 72. Kf2
Kg4 73. Kg2 Bxg3 74. e5 Bxe5 75. Kg1 Bd4+ 76. Kh1 Kf3 77. Kh2 Kf2 78. Kh1
1/2-1/2

[Event "Winter op U2000"]
[Site "Kitchener CAN"]
[Date "2010.02.21"]
[Round "5"]
[White "Bellissimo, Joseph"]
[Black "Deline, Ralph"]
[Result "1-0"]
[WhiteElo "1608"]
[BlackElo "1896"]
[PlyCount "53"]
[EventDate "2010.02.19"]
[EventType "swiss"]
[EventRounds "5"]
[EventCountry "CAN"]

1. e4 c5 2. Nf3 Nc6 3. d4 cxd4 4. Nxd4 Nf6 5. Nc3 e5 6. Ndb5 d6 7. Bg5 a6 8.
Na3 b5 9. Nd5 Be7 10. Nxe7 Qxe7 11. c4 b4 12. Nc2 h6 13. Bxf6 Qxf6 14. Nxb4
Nxb4 15. Qa4+ Ke7 16. Qxb4 Rd8 17. Rd1 a5 18. Qc3 Bb7 19. Qe3 Qf4 20. Qxf4 exf4
21. f3 g5 22. Kd2 Ke6 23. Kc3 Ke5 24. h4 f6 25. hxg5 hxg5 26. Rh7 Bc6 27. Re7#
1-0

[Event "Winter op U2000"]
[Site "Kitchener CAN"]
[Date "2010.02.21"]
[Round "5"]
[White "Douglas, Richard"]
[Black "Xu, Haizhou"]
[Result "0-1"]
[WhiteElo "1871"]
[BlackElo "1892"]
[PlyCount "72"]
[EventDate "2010.02.19"]
[EventType "swiss"]
[EventRounds "5"]
[EventCountry "CAN"]

1. e4 c5 2. Nc3 d6 3. f4 g6 4. Bb5+ Bd7 5. Bxd7+ Qxd7 6. Nf3 Bg7 7. O-O Nc6 8.
d3 Nf6 9. Qe2 O-O 10. h3 Nd4 11. Qf2 Nxf3+ 12. Qxf3 Qc6 13. f5 b5 14. g4 b4 15.
Ne2 d5 16. Ng3 dxe4 17. Nxe4 Nxe4 18. dxe4 Rad8 19. Bg5 Bxb2 20. Bxe7 Bxa1 21.
Rxa1 Qd7 22. Bf6 Qd6 23. g5 gxf5 24. exf5 Qd5 25. Qf2 Rfe8 26. Rf1 Qe4 27. Qxc5
Rc8 28. Qxa7 Rxc2 29. Rf2 Qe1+ 30. Kg2 Rc1 31. Qe7 Qg1+ 32. Kf3 Ra8 33. Qxb4
Re8 34. Qd2 Rce1 35. Qd4 R1e4 36. Qd2 Qh1+ 0-1

[Event "Winter op U2000"]
[Site "Kitchener CAN"]
[Date "2010.02.21"]
[Round "5"]
[White "Moran-Venegas, Mario"]
[Black "Liu, Steven"]
[Result "1/2-1/2"]
[WhiteElo "1677"]
[BlackElo "1923"]
[PlyCount "56"]
[EventDate "2010.02.19"]
[EventType "swiss"]
[EventRounds "5"]
[EventCountry "CAN"]

1. e4 c6 2. c4 e6 3. Nc3 d5 4. exd5 cxd5 5. d4 Nf6 6. Nf3 Be7 7. cxd5 Nxd5 8.
Bb5+ Bd7 9. Bxd7+ Qxd7 10. Ne5 Nxc3 11. bxc3 Qc7 12. Qa4+ Nd7 13. Qxd7+ Qxd7
14. Nxd7 Kxd7 15. Rb1 b6 16. Ke2 Rhc8 17. Bd2 Rc4 18. Rhc1 Rac8 19. Kd3 Bd6 20.
f4 R4c6 21. g3 Re8 22. Re1 Rc7 23. Rb3 f6 24. Re2 e5 25. dxe5 fxe5 26. f5 Rc5
27. Re3 Rd5+ 28. Ke2 Rf8 1/2-1/2

[Event "Women vs. Masters Team"]
[Site "Toronto CAN"]
[Date "2010.08.29"]
[Round "1"]
[White "Giblon, Melissa"]
[Black "Jung, Hans"]
[Result "0-1"]
[WhiteElo "865"]
[BlackElo "2248"]
[PlyCount "52"]
[EventDate "2010.08.29"]
[EventType "schev"]
[EventRounds "6"]
[EventCountry "CAN"]

1. e4 e6 2. d4 d5 3. Nd2 c5 4. Ngf3 cxd4 5. Nxd4 Nc6 6. Bb5 Bd7 7. Bxc6 bxc6 8.
O-O Be7 9. Re1 Qb6 10. N4f3 Nf6 11. exd5 cxd5 12. b3 O-O 13. Bb2 Bc5 14. Qe2
Ng4 15. Rf1 Bb5 16. c4 Bxc4 17. Nxc4 dxc4 18. bxc4 Rab8 19. Rab1 Rb7 20. Ne5
Nxe5 21. Qxe5 f6 22. Qe2 Rfb8 23. Rfe1 e5 24. Rf1 Bd4 25. c5 Bxc5 26. Qc4+ Kh8
0-1

[Event "Women vs. Masters Team"]
[Site "Toronto CAN"]
[Date "2010.08.29"]
[Round "1"]
[White "Giblon, Rebecca"]
[Black "Day, Lawrence"]
[Result "0-1"]
[WhiteElo "1231"]
[BlackElo "2476"]
[PlyCount "62"]
[EventDate "2010.08.29"]
[EventType "schev"]
[EventRounds "6"]
[EventCountry "CAN"]

1. e4 g6 2. d4 d6 3. Nc3 a6 4. Nf3 b5 5. a3 Nd7 6. Bf4 Bg7 7. e5 c5 8. exd6 Bb7
9. dxe7 Qxe7+ 10. Be3 cxd4 11. Nxd4 Ngf6 12. Qe2 O-O 13. O-O-O Rac8 14. Bf4 Qc5
15. Nb3 Qf5 16. Qd2 Rxc3 17. bxc3 Nd5 18. Bh6 Bxh6 19. Qxh6 Nxc3 20. Bd3 Qf6
21. Rde1 Ne5 22. Nc5 Bxg2 23. Rxe5 Qxe5 24. Nd7 Qg7 25. Qxg7+ Kxg7 26. Rg1 Rd8
27. Nc5 Bh3 28. Rg3 Bc8 29. h4 Kh6 30. Rf3 f5 31. Bxf5 Ne2+ 0-1

[Event "Women vs. Masters Team"]
[Site "Toronto CAN"]
[Date "2010.08.29"]
[Round "1"]
[White "Liu, Jiaxin (Dora)"]
[Black "Campbell, Brett"]
[Result "0-1"]
[WhiteElo "1768"]
[BlackElo "2274"]
[PlyCount "58"]
[EventDate "2010.08.29"]
[EventType "schev"]
[EventRounds "6"]
[EventCountry "CAN"]

1. e4 g6 2. d4 Bg7 3. Nf3 d6 4. h3 Nf6 5. Nc3 O-O 6. Be3 Nc6 7. Be2 e5 8. d5
Ne7 9. O-O Ne8 10. Nd2 f5 11. f3 f4 12. Bf2 g5 13. Re1 Ng6 14. Nf1 h5 15. Nh2
Nf6 16. Qd3 Rf7 17. Bd1 Bf8 18. Kh1 Rh7 19. Ne2 g4 20. Ng1 g3 21. Qd2 gxf2 22.
Qxf2 h4 23. Ne2 Nh5 24. Ng4 Ng3+ 25. Nxg3 fxg3 26. Qf1 Bxg4 27. fxg4 Rf7 28.
Qg1 Rf2 29. Rf1 Qf6 0-1

[Event "Women vs. Masters Team"]
[Site "Toronto CAN"]
[Date "2010.08.29"]
[Round "1"]
[White "Peng, Jackie"]
[Black "Kleinman, Michael"]
[Result "0-1"]
[WhiteElo "1835"]
[BlackElo "1726"]
[PlyCount "88"]
[EventDate "2010.08.29"]
[EventType "schev"]
[EventRounds "6"]
[EventCountry "CAN"]

1. e4 c5 2. Nf3 d6 3. d4 cxd4 4. Nxd4 Nf6 5. Nc3 g6 6. Be3 Bg7 7. Qd2 Nc6 8. f3
O-O 9. Bc4 Bd7 10. O-O-O Rc8 11. Bb3 Nxd4 12. Bxd4 b5 13. h4 a5 14. a4 bxa4 15.
Nxa4 Bxa4 16. Bxa4 Rc4 17. Bb3 Nxe4 18. Qe3 Rxd4 19. Rxd4 Bxd4 20. Qxd4 Nc5 21.
Ba2 Qb6 22. Kb1 Rb8 23. h5 e5 24. Qc3 Na4 25. Qb3 Qxb3 26. Bxb3 Nc5 27. hxg6
hxg6 28. Ba2 a4 29. Ka1 Kg7 30. Rd1 Rb6 31. g3 f5 32. Re1 Kf6 33. f4 Nb3+ 34.
cxb3 axb3 35. fxe5+ dxe5 36. Re3 bxa2 37. Kxa2 f4 38. gxf4 exf4 39. Re1 g5 40.
Kb1 f3 41. Rf1 g4 42. Kc2 Kf5 43. Kd3 Rxb2 44. Ke3 Re2+ 0-1

[Event "Women vs. Masters Team"]
[Site "Toronto CAN"]
[Date "2010.08.29"]
[Round "2"]
[White "Day, Lawrence"]
[Black "Giblon, Melissa"]
[Result "1-0"]
[WhiteElo "2476"]
[BlackElo "865"]
[PlyCount "53"]
[EventDate "2010.08.29"]
[EventType "schev"]
[EventRounds "6"]
[EventCountry "CAN"]

1. g3 e5 2. Bg2 d5 3. d3 Nf6 4. a3 Nc6 5. b4 a6 6. Nf3 Be7 7. Bb2 e4 8. Nfd2
exd3 9. cxd3 O-O 10. O-O Be6 11. Qc2 Qd7 12. Re1 Bh3 13. Bh1 Rfe8 14. Nc3 Rad8
15. Na4 b6 16. Rac1 Na7 17. Nf3 Bd6 18. e4 dxe4 19. dxe4 Nh5 20. e5 Be7 21.
Red1 Qc8 22. Nd4 Qd7 23. Nc6 Qe6 24. Nxa7 Rxd1+ 25. Qxd1 Bg4 26. Qd5 Qf5 27.
Nc6 1-0

[Event "Women vs. Masters Team"]
[Site "Toronto CAN"]
[Date "2010.08.29"]
[Round "2"]
[White "Henry, Liam"]
[Black "Peng, Jackie"]
[Result "1-0"]
[WhiteElo "1845"]
[BlackElo "1835"]
[PlyCount "87"]
[EventDate "2010.08.29"]
[EventType "schev"]
[EventRounds "6"]
[EventCountry "CAN"]

1. e4 c5 2. Nf3 d6 3. d4 cxd4 4. Nxd4 Nf6 5. Nc3 g6 6. Be3 Bg7 7. f3 O-O 8. Qd2
Nc6 9. Bc4 Bd7 10. O-O-O Rb8 11. Bb3 Na5 12. Kb1 b5 13. g4 Nc4 14. Bxc4 bxc4
15. Ka1 Qa5 16. Nd5 Qxd2 17. Nxe7+ Kh8 18. Rxd2 Rfe8 19. Nec6 Bxc6 20. Nxc6
Nxe4 21. Nxb8 Nxd2 22. Bxd2 Rxb8 23. c3 Re8 24. Re1 Rxe1+ 25. Bxe1 Be5 26. h3
Kg7 27. Bf2 a6 28. Be3 f5 29. a4 d5 30. Ka2 Bd6 31. b4 cxb3+ 32. Kxb3 Kf6 33.
c4 dxc4+ 34. Kxc4 Ke5 35. Bg1 Ke6 36. Bd4 Be7 37. a5 Bd6 38. Bc5 Bc7 39. Bb6
Bxb6 40. axb6 Kd6 41. Kb4 Kc6 42. Ka5 Kb7 43. g5 f4 44. h4 1-0

[Event "Women vs. Masters Team"]
[Site "Toronto CAN"]
[Date "2010.08.29"]
[Round "2"]
[White "Jung, Hans"]
[Black "Liu, Jiaxin (Dora)"]
[Result "1-0"]
[WhiteElo "2248"]
[BlackElo "1768"]
[PlyCount "119"]
[EventDate "2010.08.29"]
[EventType "schev"]
[EventRounds "6"]
[EventCountry "CAN"]

1. e4 c5 2. Nf3 d6 3. g3 Nf6 4. d3 e6 5. Bg2 Nc6 6. O-O Be7 7. Nbd2 a6 8. b3
O-O 9. Bb2 Qc7 10. Re1 Rd8 11. e5 dxe5 12. Nxe5 Nd4 13. a4 Bd7 14. a5 Bc6 15.
Nxc6 Nxc6 16. Nc4 Ra7 17. Ra4 h6 18. Qd2 Qd7 19. Nb6 Qe8 20. Rh4 Kh7 21. Qe3
Qf8 22. Bxc6 bxc6 23. Rc4 Nd7 24. Qe4+ Kg8 25. Qxc6 Nxb6 26. axb6 Rc8 27. Qxc8
Qxc8 28. bxa7 Qb7 29. Ra1 Qxa7 30. Rca4 Qb8 31. Rxa6 Kh7 32. Ra7 Qe8 33. Rb7 f6
34. Raa7 Bf8 35. Bxf6 Kg6 36. Bxg7 Bxg7 37. Rxg7+ Kf5 38. f4 e5 39. Raf7+ Ke6
40. Re7+ Qxe7 41. Rxe7+ Kxe7 42. fxe5 Ke6 43. c3 Kxe5 44. b4 cxb4 45. cxb4 Kd4
46. Kf2 h5 47. Kf3 Kd5 48. Ke3 Ke5 49. d4+ Kd5 50. b5 Kd6 51. Ke4 Ke6 52. d5+
Kd7 53. Ke5 Ke7 54. d6+ Kd7 55. b6 Kd8 56. b7 Kd7 57. Kd5 h4 58. b8=Q h3 59.
Qc7+ Ke8 60. Qe7# 1-0

[Event "Women vs. Masters Team"]
[Site "Toronto CAN"]
[Date "2010.08.29"]
[Round "2"]
[White "Kleinman, Michael"]
[Black "Giblon, Rebecca"]
[Result "1-0"]
[WhiteElo "1726"]
[BlackElo "1231"]
[PlyCount "102"]
[EventDate "2010.08.29"]
[EventType "schev"]
[EventRounds "6"]
[EventCountry "CAN"]

1. e4 e5 2. Nf3 Nc6 3. Bb5 Bc5 4. O-O Nd4 5. Nxd4 Bxd4 6. c3 Bb6 7. d4 exd4 8.
cxd4 c6 9. Be2 d5 10. exd5 Qxd5 11. Be3 Bf5 12. Nc3 Qd7 13. Bf3 Nf6 14. Re1 O-O
15. d5 cxd5 16. Bxb6 axb6 17. Nxd5 Nxd5 18. Qxd5 Qxd5 19. Bxd5 Rfe8 20. Bxb7
Rad8 21. Bc6 Rxe1+ 22. Rxe1 Kf8 23. f3 f6 24. Kf2 Rd2+ 25. Re2 Rxe2+ 26. Kxe2
Ke7 27. b3 Kd6 28. Be4 Bxe4 29. fxe4 Kc5 30. Kd3 Kb4 31. Kc2 Ka3 32. Kb1 b5 33.
g4 g5 34. Ka1 Kb4 35. Kb2 h6 36. a3+ Kc5 37. Kc3 Kd6 38. Kd4 Ke6 39. Kc5 Ke5
40. Kxb5 Kxe4 41. a4 Kf4 42. a5 Kxg4 43. a6 f5 44. a7 f4 45. a8=Q h5 46. Qg2+
Kf5 47. Kc5 h4 48. h3 Kg6 49. Kd5 Kh5 50. Qg4+ Kh6 51. Ke6 Kg7 1-0

[Event "Women vs. Masters Team"]
[Site "Toronto CAN"]
[Date "2010.08.29"]
[Round "3"]
[White "Giblon, Melissa"]
[Black "Kleinman, Michael"]
[Result "0-1"]
[WhiteElo "865"]
[BlackElo "1726"]
[PlyCount "36"]
[EventDate "2010.08.29"]
[EventType "schev"]
[EventRounds "6"]
[EventCountry "CAN"]

1. e4 c5 2. Nf3 d6 3. d4 cxd4 4. Nxd4 Nf6 5. Nc3 Nc6 6. f3 g6 7. Be3 Bg7 8. Qd2
O-O 9. O-O-O d5 10. Nxc6 bxc6 11. exd5 Qa5 12. dxc6 Be6 13. a3 Rfd8 14. Bd3
Rab8 15. Bf4 Rxb2 16. Kxb2 Nd5 17. Kb1 Nxc3+ 18. Kc1 Qxa3# 0-1

[Event "Women vs. Masters Team"]
[Site "Toronto CAN"]
[Date "2010.08.29"]
[Round "3"]
[White "Giblon, Rebecca"]
[Black "Henry, Liam"]
[Result "0-1"]
[WhiteElo "1231"]
[BlackElo "1845"]
[PlyCount "100"]
[EventDate "2010.08.29"]
[EventType "schev"]
[EventRounds "6"]
[EventCountry "CAN"]

1. e4 c5 2. Nf3 d6 3. d4 cxd4 4. Nxd4 Nf6 5. Nc3 a6 6. Bg5 e6 7. f4 Be7 8. Qf3
Qc7 9. O-O-O Nbd7 10. Bd3 h6 11. Bh4 g5 12. fxg5 Ne5 13. Qe2 Nfg4 14. h3 hxg5
15. Bg3 Nf6 16. Bxe5 dxe5 17. Nf3 g4 18. hxg4 Rxh1 19. Rxh1 Nxg4 20. Rh5 Bd7
21. Rh8+ Bf8 22. Ng5 Nf6 23. Qf2 Ke7 24. Be2 Rc8 25. Nh7 Bh6+ 26. Kb1 Bg7 27.
Nxf6 Bxf6 28. Rh6 Bg5 29. Rh7 Be8 30. Bh5 Qc5 31. Qf1 Bf6 32. Rh6 Bg7 33. Rh7
Kf8 34. Bg4 Kg8 35. Rh3 b5 36. Qd1 b4 37. Ne2 Ba4 38. b3 Bc6 39. Bf3 a5 40. Rg3
Kf8 41. Rh3 a4 42. Rh1 Bb5 43. Rf1 Ke7 44. Bh5 f6 45. Bg4 a3 46. Rf3 Bxe2 47.
Qxe2 Qg1+ 48. Rf1 Qd4 49. c3 Qxc3 50. Rd1 Bh6 0-1

[Event "Women vs. Masters Team"]
[Site "Toronto CAN"]
[Date "2010.08.29"]
[Round "3"]
[White "Liu, Jiaxin (Dora)"]
[Black "Day, Lawrence"]
[Result "0-1"]
[WhiteElo "1768"]
[BlackElo "2476"]
[PlyCount "56"]
[EventDate "2010.08.29"]
[EventType "schev"]
[EventRounds "6"]
[EventCountry "CAN"]

1. e4 g6 2. d4 d6 3. h3 Bg7 4. Nf3 b6 5. Nc3 Bb7 6. Be3 Nf6 7. Bd3 Nbd7 8. Qd2
O-O 9. Bh6 e5 10. d5 a6 11. O-O Qe7 12. Ne2 Nc5 13. Bxg7 Kxg7 14. Ng3 Ng8 15.
Nh2 Rae8 16. Ng4 Bc8 17. Ne3 Kh8 18. Qe2 f5 19. Nc4 f4 20. Nh1 f3 21. Qe3 Qh4
22. Ng3 fxg2 23. Kxg2 Qxh3+ 24. Kg1 Rf4 25. Rfe1 Rh4 26. a3 Rf8 27. Be2 Qh2+
28. Kf1 Bh3# 0-1

[Event "Women vs. Masters Team"]
[Site "Toronto CAN"]
[Date "2010.08.29"]
[Round "3"]
[White "Peng, Jackie"]
[Black "Cohen, David"]
[Result "1/2-1/2"]
[WhiteElo "1835"]
[BlackElo "1967"]
[PlyCount "54"]
[EventDate "2010.08.29"]
[EventType "schev"]
[EventRounds "6"]
[EventCountry "CAN"]

1. e4 c5 2. Nf3 Nc6 3. d4 cxd4 4. Nxd4 d6 5. Nc3 Nf6 6. Bg5 e6 7. Qd2 Be7 8. f4
h6 9. Bxf6 Bxf6 10. Ndb5 O-O 11. O-O-O Qa5 12. Kb1 a6 13. Nxd6 Bxc3 14. Qxc3
Qxc3 15. bxc3 Rd8 16. Bc4 Na5 17. Bb3 Bd7 18. Rd3 Bc6 19. Rhd1 Kf8 20. g3 Ke7
21. f5 Nxb3 22. cxb3 e5 23. Kb2 f6 24. g4 Rd7 25. Nc4 Rxd3 26. Rxd3 Bxe4 27.
Re3 Bc6 1/2-1/2

[Event "Women vs. Masters Team"]
[Site "Toronto CAN"]
[Date "2010.08.29"]
[Round "4"]
[White "Campbell, Brett"]
[Black "Peng, Jackie"]
[Result "1-0"]
[WhiteElo "2274"]
[BlackElo "1835"]
[PlyCount "53"]
[EventDate "2010.08.29"]
[EventType "schev"]
[EventRounds "6"]
[EventCountry "CAN"]

1. c4 d6 2. d4 Nf6 3. Nc3 Nbd7 4. e4 e5 5. d5 c6 6. Bd3 Be7 7. Be3 O-O 8. f3 h6
9. Nge2 Nh7 10. g3 Bg5 11. f4 exf4 12. gxf4 Bh4+ 13. Kd2 cxd5 14. cxd5 Nc5 15.
Bxc5 dxc5 16. e5 a6 17. Qc2 f5 18. a4 Kh8 19. Ng3 g6 20. Rhf1 Bd7 21. Qb3 Rb8
22. Qc4 b5 23. Qxc5 bxa4 24. Ra2 g5 25. e6 Rc8 26. Qd4+ Kg8 27. Nxf5 1-0

[Event "Women vs. Masters Team"]
[Site "Toronto CAN"]
[Date "2010.08.29"]
[Round "4"]
[White "Cohen, David"]
[Black "Giblon, Rebecca"]
[Result "1/2-1/2"]
[WhiteElo "1967"]
[BlackElo "1231"]
[PlyCount "81"]
[EventDate "2010.08.29"]
[EventType "schev"]
[EventRounds "6"]
[EventCountry "CAN"]

1. e4 e5 2. f4 exf4 3. Nf3 Nf6 4. Nc3 d5 5. e5 Ne4 6. d4 Bb4 7. Qd3 Bg4 8. Bxf4
Bxc3+ 9. bxc3 Nd7 10. c4 Nb6 11. cxd5 Qxd5 12. Be2 O-O-O 13. O-O Bxf3 14. Bxf3
Qxd4+ 15. Qxd4 Rxd4 16. Be3 Rc4 17. Bxe4 Rxe4 18. Bxb6 axb6 19. Rxf7 Rxe5 20.
Rxg7 Rc5 21. h4 Rxc2 22. h5 Rc6 23. Rf1 h6 24. Rff7 b5 25. Rf5 b4 26. Rf4 Rb6
27. Rc4 Rd8 28. Rcxc7+ Kb8 29. Rc2 Rc8 30. Rxc8+ Kxc8 31. Rg6 Ra6 32. Rxa6 bxa6
33. g4 Kd7 34. g5 Ke7 35. gxh6 Kf7 36. Kf1 a5 37. Ke1 a4 38. Kd1 b3 39. axb3
axb3 40. Kc1 Kg8 41. Kb2 1/2-1/2